• 首页
  • 本馆介绍
  • 公告通知
  • 最新文献
  • 馆藏检索
  • 电子资源
  • 读者导购
  • 参考咨询
  • 我的图书馆
  • 登录
  • 详细信息显示
  • 放入我的书架
  • 预约/预借图书
  • 作者相关作品
  • 分类相关作品
  • 丛书相关作品
  • 出版社相关作品

书目信息

  • 表格格式
  • 工作单格式
  • 卡片格式
题名:
优抚指南
    
 
作者: 靳尔刚 主编 ;民政部优抚司 编
分册:  
出版信息: 北京   中国社会出版社  1991.6
页数: 193页
开本: 19cm
丛书名:
单 册:
中图分类: D632.3
科图分类: 33.68
主题词: 优抚--工作--中国--手册
电子资源:
ISBN: 7-80088-042-7
000 00678nam0 2200229 45
001 0192008273
005 20070710105215.51
010    @a7-80088-042-7@dCNY3.00
100    @a19920327d1991 em y0chiy0121 ea
101 0  @achi
102    @aCN@b110000
105    @ay z 000yy
200 10 @a优抚指南@AYOU FU ZHI NAN@f靳尔刚等主编@FJIN ER GANG DENG ZHU BIAN@g民政部优抚司编
210    @a北京@c中国社会出版社@d1991.6
215    @a193页@d19cm
606    @a优抚@x工作@y中国@x手册
690    @aD632.3@v三版
692    @a33.68
701  0 @a靳尔刚@AJIN ER GANG@4主编
712 02 @a民政部优抚司@AMIN ZHENG BU YOU FU SI@4编
801  0 @aCN@bTSSF@c20070710
905    @a10447@dD632.3@e105
    
    优抚指南/靳尔刚等主编/民政部优抚司编.-北京:中国社会出版社,1991.6
    193页;19cm
    
    
    ISBN 7-80088-042-7:CNY3.00
    
●
相关链接 在E读中查询图书 在五车中查询图书 在当当中查询图书 在豆瓣中查询图书


正题名:优抚指南     索取号:D632.3/105         预约/预借

序号 登录号 条形码 馆藏地/架位号 状态 备注
1 0765271   207652716   第一样本阅览室/ [索取号:D632.3/105] 在馆    
唐山师范学院图书馆 欢迎您!
大连网信软件有限公司© 版权所有